| 000 | 00839nam a22002055i 4500 | ||
|---|---|---|---|
| 001 | 164046 | ||
| 003 | ES-MaACL | ||
| 005 | 20250915063059.0 | ||
| 008 | 021008s1894 sp |||| | cat d | ||
| 040 |
_aCAM _bspa _cCAM |
||
| 100 | 1 |
_aRovira y Serra, Manuel, _d1865-1929 _9132129 |
|
| 245 | 1 | 0 |
_aCarlos I _b: comedia en un acte y en prosa / _coriginal de Manel Rovira y Serra. |
| 260 |
_aBarcelona : _b[Arxiu de Joan Molas y Casas], _c1894 ( _fImprempta de Henrich y cª) |
||
| 300 |
_a44 p. ; _c21 cm. |
||
| 500 | _aEstrenada en el Teatro Romea de Barcelona el día 24 de noviembre de 1893. | ||
| 596 | _aEd. tomado de la cub. | ||
| 752 |
_aMadrid - _dBarcelona |
||
| 852 |
_aES-MaACL _jG-3518(5) _z-- Enc. tela roja con hierros dorados, falto de la cub. original _z-- Enc. en un vol. facticio. |
||
| 999 |
_c164046 _d164046 |
||